| 000 | 00506cam a22002054a 4500 | ||
|---|---|---|---|
| 005 | 20250605164320.0 | ||
| 008 | 250528s ||||||||||||||||||||||||d | ||
| 035 | _a22853 | ||
| 020 | _a9780198289685 | ||
| 040 |
_aGR-AtMCL _bgre _dGR-AtMCL _eAACR2 |
||
| 245 | 1 | _aMANAGING THE GLOBAL ECONOMY | |
| 250 | _a1 | ||
| 260 |
_bOxford University Press, _c1995 |
||
| 300 | _a343 | ||
| 700 | 1 |
_aMichie Jonathan _91689 |
|
| 700 | 1 |
_aSmith Grieve John _91690 |
|
| 942 | _cBK | ||
| 999 |
_c7898 _d7898 |
||